| 000 | 00527nam a2200181 a 4500 | ||
|---|---|---|---|
| 005 | 20160727164647.0 | ||
| 008 | 140312b2003 ne ||||| |||| 00| 0 eng d | ||
| 040 |
_aCO-BoIAVH _cCO-BoIAVH |
||
| 041 | _aeng | ||
| 044 | _ane | ||
| 082 | 1 | 4 |
_a551.480881 _bR82h |
| 100 | 1 | _aRosales, Judith | |
| 245 | 1 | 0 | _aHydrology in the Guiana shield and possibilities for payment schemes |
| 260 |
_aAmsterdam: _bIUCN; _bGSI, _c2003. |
||
| 300 | _a27 páginas. | ||
| 650 | 0 |
_ahidrologĂa _zEscudo de Guyana |
|
| 942 |
_cFolleto _2ddc |
||
| 999 |
_c3790 _d3790 |
||